|
|
|
|
| LEADER |
01002nam a2200289 a 4500 |
| 001 |
000019840 |
| 003 |
CZ BrMZK |
| 005 |
19950407143423.0 |
| 008 |
950407s1995 xr f cze d |
| 040 |
|
|
|a BOA001
|b cze
|
| 080 |
|
|
|a 172.3:27:943.71/.72"14/15"
|2 MRF
|
| 080 |
|
|
|a 27:943.71/.72"14/15"
|2 MRF
|
| 080 |
|
|
|a 943.71/.72"14/15"
|2 MRF
|
| 100 |
1 |
|
|a Válka, Josef,
|d 1929-2017
|7 jk01141309
|4 aut
|
| 245 |
1 |
0 |
|a Doba náboženské koexistence a tolerance /
|c Josef Válka.
|
| 260 |
|
|
|a Přerov :
|b Muzeum J.A. Komenského,
|c 1995
|
| 300 |
|
|
|a 19 s. ;
|c 23 cm
|
| 500 |
|
|
|a Text též angl., něm.
|
| 653 |
0 |
|
|a náboženská tolerance
|a náboženství
|a české dějiny
|
| 910 |
|
|
|a BOA001
|b PK-0122.706
|
| 962 |
|
|
|a 943.7
|
| 962 |
|
|
|a 27
|
| 962 |
|
|
|a 172
|
| 964 |
|
|
|a Náboženství
|x tolerance
|y Země české
|x dějiny
|
| 964 |
|
|
|a Česko
|x dějiny náboženské
|x stol.15.-16.
|
| 990 |
|
|
|a BK
|
| 996 |
7 |
|
|b 3119000139
|c PK-0122.706
|l MZK
|r Sklad / do 1 hodiny
|n 38
|p dar
|w 000019840
|u 000010
|a 1
|e BOA001
|j MZK50
|s A
|